| 000 | 00560nam a2200181Ia 4500 | ||
|---|---|---|---|
| 008 | 100122s9999 xx 000 0 und d | ||
| 082 |
_b6386 _a396 |
||
| 100 | _aगांधी महात्मा | ||
| 245 | _aतेजस्वी तरुणी | ||
| 260 | _c1948 | ||
| 300 | _a110 | ||
| 520 | _aगांधी मोहनदास | ||
| 620 | _aगांधी मोहनदास | ||
| 630 | _aतेजस्वी तरुणी | ||
| 700 | _aरमाकांत | ||
| 730 | _aतेजस्वी तरुणी | ||
| 942 | _cBOOK | ||
| 999 |
_c399415 _d399412 |
||